00838 2200313 4500001002100000005001700021008004100038020001800079035002400097082001000121090002000131100002000151245010000171250001100271260002600282300002400308440001300332500003500345650001800380700001800398700001800416700001400434850001700448980001100465985000600476986001200482999001500494999001500509YOGYA-0209000003935120090227025450.0 ind  a979-8063-98-8 0010-020900000039351 a741.5 a741.5bDes RlK aDESBERG, Marini aRahasia Sri PauscMarini Desberg ; penterjemah, Lia Hanggono, Pudji Hastuti ; editor, Sucahyana aCet. 1 aJakartabIndirac2004 a48 hlmbilusc29 cm aScorpion aJudul asli : Le Secret Du Pape aKomik, Bacaan aHanggono, Lia aHastuti, Puji aSucahyana aYOPDYOG(JSC) a090306 a2 autrtrev a05B0007763 a05B0007764